000 00474nam a2200133 a 4500
008 120416s9999 ||||||||||||||||| || u
050 _aTHESIS
100 _aChipupu, Lombe Jones
245 1 4 _aThe performance and constraints of community radio stations in Zambia
246 _aa case of Radio Icengelo
260 _a2002
350 _a0.00
995 _D0.00
_FCBU-MAIN LIBRARY (Kitwe)
_H1
_I0.00
_UAVAILABLE
_ZUniversity Collection
999 _c53332
_d53332